Statistiques concernant Culture Générale - Série 1287

Cliquez ici pour prendre le quiz!

Statistiques générales

  • Ce quiz a été pris 38 fois
  • Le résultat moyen est 5 sur 10

Statistiques - réponses

QuestionRéponse% Correct
Quel fleuve divise Paris en deux rives, la droite et la gauche ?Seine
100%
Quel est le pays le plus montagneux d'Europe ?Suisse
71%
Quel est le nom français des îles Falkland ?îles Malouines
66%
Quel est le plus grand département de France métropolitaine en termes de superficie ?Gironde
63%
Quel est le nom usuel de la grande île danoise portant le nom local de Kalaallit Nunaat ?Groenland
43%
Quel nom portait autrefois le Zimbabwe ?Rhodésie
40%
Quel mot désigne à la fois une affection de l'œil et la chute d'un cours d'eau ?cataracte
31%
Quel mot est couramment utilisé pour porter un toast en Allemagne ?prost
26%
Quel est le plus grand arrondissement de Paris ?16ème arrondissement
23%
Quel comté du Royaume-Uni est le seul à avoir deux côtes ?Devon
6%

Distribution des résultats

Percentile par nombre de réponses

% des personnes avec chaque résultat

Votre développement - résultats

Vous n’avez pas pris ce quiz